<?xml version="1.0" encoding="UTF-8"?>
<record
    xmlns:xsi="http://www.w3.org/2001/XMLSchema-instance"
    xsi:schemaLocation="http://www.loc.gov/MARC21/slim http://www.loc.gov/standards/marcxml/schema/MARC21slim.xsd"
    xmlns="http://www.loc.gov/MARC21/slim">

  <leader>00719nam a22001817a 4500</leader>
  <controlfield tag="003">UA-OsUOA</controlfield>
  <controlfield tag="001"> 18971 </controlfield>
  <controlfield tag="007">ta</controlfield>
  <controlfield tag="008">20040624b un ||||| |||| 00| 0 ukr d</controlfield>
  <datafield tag="100" ind1=" " ind2=" ">
    <subfield code="a">&#x413;&#x443;&#x437; &#x41C;.</subfield>
  </datafield>
  <datafield tag="942" ind1=" " ind2=" ">
    <subfield code="c">SA</subfield>
  </datafield>
  <datafield tag="040" ind1=" " ind2=" ">
    <subfield code="a">UA-OsUOA</subfield>
    <subfield code="c">UA-OsUOA</subfield>
    <subfield code="d">UA-OsUOA</subfield>
  </datafield>
  <datafield tag="245" ind1=" " ind2=" ">
    <subfield code="a">&#x425;&#x442;&#x43E; &#x432;&#x43E;&#x43B;&#x43E;&#x434;&#x456;&#x454; &#x456;&#x43D;&#x444;&#x43E;&#x440;&#x43C;&#x430;&#x446;&#x456;&#x454;&#x44E;, &#x442;&#x43E;&#x439; &#x432;&#x43E;&#x43B;&#x43E;&#x434;&#x456;&#x454; &#x441;&#x432;&#x456;&#x442;&#x43E;&#x43C;</subfield>
    <subfield code="b">[&#x41D;&#x430; &#x431;&#x430;&#x437;&#x456; &#x420;&#x43E;&#x43A;&#x438;&#x442;&#x43D;&#x456;&#x432;. &#x446;&#x435;&#x43D;&#x442;&#x440;. &#x440;&#x430;&#x439;&#x43E;&#x43D;. &#x431;-&#x43A;&#x438; &#x432;&#x456;&#x434;&#x431;&#x443;&#x432;&#x441;&#x44F; &#x43E;&#x431;&#x43B;. &#x441;&#x435;&#x43C;&#x456;&#x43D;&#x430;&#x440;-&#x43F;&#x440;&#x430;&#x43A;&#x442;&#x438;&#x43A;&#x443;&#x43C; &#x437; &#x432;&#x438;&#x432;&#x447;. &#x431;&#x456;&#x431;&#x43B;.-&#x456;&#x43D;&#x444;&#x43E;&#x440;&#x43C;. &#x441;&#x438;&#x441;&#x442;&#x435;&#x43C;&#x438; &#x406;&#x420;&#x411;&#x406;&#x421;]</subfield>
  </datafield>
  <datafield tag="300" ind1=" " ind2=" ">
    <subfield code="a">&#x421;.2</subfield>
  </datafield>
  <datafield tag="955" ind1=" " ind2=" ">
    <subfield code="a">0</subfield>
  </datafield>
  <datafield tag="773" ind1="0" ind2=" ">
    <subfield code="w">0</subfield>
    <subfield code="t">&#x420;&#x43E;&#x43A;&#x438;&#x442;&#x43D;&#x456;&#x432;&#x449;&#x438;&#x43D;&#x430;</subfield>
    <subfield code="d">&#x420;&#x43E;&#x43A;&#x438;&#x442;&#x43D;&#x435;</subfield>
    <subfield code="d">2004</subfield>
    <subfield code="g">&#x2116;46/12 &#x447;&#x435;&#x440;&#x432;./</subfield>
  </datafield>
  <datafield tag="650" ind1=" " ind2="7">
    <subfield code="a">&#x41A;&#x440;&#x430;&#x454;&#x437;&#x43D;&#x430;&#x432;&#x447;&#x430; &#x440;&#x43E;&#x431;&#x43E;&#x442;&#x430;</subfield>
    <subfield code="2">UDC</subfield>
  </datafield>
  <datafield tag="999" ind1=" " ind2=" ">
    <subfield code="c">305142</subfield>
    <subfield code="d">305142</subfield>
  </datafield>
</record>
